000
00312nam a22001331a 4500
082
_a
S 294.551 3
_b
MIN/P
100
_a
Minati Rath
245
_a
Puranesu sivataratattvam/
_c
by Minati Rath
260
_a
Puri:
_b
Satarupa Panda,
_c
2008.
300
_a
108p.
650
_a
Saivism
650
_a
Religion
942
_c
BK
999
_c
36575
_d
36575